00670nam a22002057a 450000500170000001000130001702000220003003500130005203700160006504000120008108200130009310000190010624500960012526000370022127000620025830000280032050000190034865000600036765000370042720170124110203.0 aB-182464 c00.00a0600724530 aB-182464 bCen Lib/Ret aDPLbEN a001bLEO aLeokum, Arkady aStill more tell me why :cby Arkady Leokumbanswers to hundreds of questions children ask / aEnglandbHamlyn Publishingc1986 bEnglandaBridge House, London Road, Twickenham, Middlesex a399p. :c23cm(Hb)bill. aIncludes index aChildren's questions and answers -- Juvenile literature aChildren's questions and answers